Agenda de Seguridad Social 2016

Detalles Bibliográficos
Formato: Libro
Lenguaje:español
Publicado: Mx̌ico Ediciones Fiscales ISEF 2016
Materias:
Acceso en línea:Acceso restringido

MARC

LEADER 00000nam a22000007a 4500
005 20160202105042.0
007 cr|||| ||u|
008 160202s2016 mx ||||| |||| 00||0 spa d
020 |a 978-607-406-729-3 
035 |a 13067 
040 |a vLex  
090 |c 5878  |d 5878 
245 1 0 |a Agenda de Seguridad Social 2016  |h [Recurso electrn̤ico] /  |c Ediciones Fiscales ISEF 
256 |a Servicio en ln̕ea  
260 |a Mx̌ico   |b Ediciones Fiscales ISEF  |c 2016 
300 |a 1 recurso electrn̤ico (26ð edicin̤ 825 pg̀s)  
506 1 |a Contenido solo disponible en los productos indicados  |d vLex Global  |d vLex Global (Academic Edition, excluding Law Schools)  |d vLex Global (U.S. Academic Edition, Law Schools)  |d vLex Global (U.S. Academic Edition, excluding Law Schools)  |d vLex Global (Academic Edition, Law Schools) 
650 0 4 |a Seguridad social  |z Mx̌ico  
740 0 |a vLex libros (servicio en ln̕ea)  
856 4 0 |u http://vlex.com/source/agenda-seguridad-social-2016-13067  |z Acceso restringido  
942 |c BOOK 
999 0 |a Social security